000
00228 a2200097 4500
001
29898
100
_a
Hodkinson
245
_a
Introduction to electronics and telecommunication
260
_a
_b
Cassell
_c
090
_c
19896
_d
19896
942
_a
NUST-CAE
_c
M
_c
10997
999
_c
264971
_d
264971